State of small and medium enterprises in the Slovak Republic 1998
Salvato in:
| Natura: | Libro |
|---|---|
| Lingua: | inglese |
| Pubblicazione: |
Bratislava
NADSME
1999
|
| Soggetti: | |
| Tags: |
Nessun Tag, puoi essere il primo ad aggiungerne!!
|
MARC
| LEADER | 00000nam a2200000 4500 | ||
|---|---|---|---|
| 001 | c117158 | ||
| 005 | 20221221083639.4 | ||
| 020 | |a 80-88957-03-6 | ||
| 041 | 0 | |a eng | |
| 044 | |a SK | ||
| 245 | 1 | 0 | |a State of small and medium enterprises in the Slovak Republic 1998 |
| 264 | 1 | |a Bratislava |b NADSME |c 1999 | |
| 300 | |a 75 s. | ||
| 610 | 2 | 0 | |a podnikanie drobné |
| 610 | 2 | 0 | |a podnik malý |
| 610 | 2 | 0 | |a podnik stredný |
| 610 | 2 | 0 | |a programy rozvojové |
| 610 | 2 | 0 | |a rozvoj podniku |
| 610 | 2 | 0 | |a Slovensko |
| 610 | 2 | 0 | |a podpora podnikania |
| 610 | 2 | 0 | |a PHARE |
| 610 | 2 | 0 | |a 1998 |